Statistics for Second Temple Judaism

Click here to take the quiz!

General Stats

  • This quiz has been taken 26 times
  • The average score is 5 of 15

Answer Stats

HintAnswer% Correct
The sea next to which the Qumran scrolls were foundDead Sea
91%
Modern-day Jewish festival which commemorates the rededication of the Second TempleHanukkah
64%
Year in which the Second Temple was destroyed by the Romans70 CE
59%
The Hellenistic empire which he ruledSeleucid Empire
59%
Roman emperor who oversaw this destructionTitus
59%
For years, the prevailing theory was that the Qumran community consisted of members of this Jewish sectEssenes
45%
His son, who continued the revolt and led a Jewish armyJudas Maccabeus
41%
Name of the king who, according to tradition, tried to suppress the Jewish religionAntiochus IV Epiphanes
27%
Name of the priest who, according to the Books of Maccabees, kick-started the Maccabean RevoltMattathias
23%
Jewish sage whose writings are preserved in the deuterocanonical Book of EcclesiasticusBen Sira
18%
Two Semitic groups who were forcibly converted to Judaism under the HasmoneansIdumeans
18%
Three mysterious, anonymous figures mentioned in the Damascus Document from QumranTeacher of Righteousness
9%
Two Semitic groups who were forcibly converted to Judaism under the HasmoneansItureans
5%
Three mysterious, anonymous figures mentioned in the Damascus Document from QumranMan of Lies
5%
Three mysterious, anonymous figures mentioned in the Damascus Document from QumranWicked Priest
5%

Score Distribution

Percentile by Number Answered

Percent of People with Each Score

Your Score History

You have not taken this quiz